| 000 | 00608nam a2200145Ia 4500 | ||
|---|---|---|---|
| 008 | 220216s9999 xx 000 0 und d | ||
| 100 | _aVarghese Y.A. | ||
| 245 | 0 | _aRubber plantation development in the North-east: Research priorities, agro-ecological and socio-economic relevance | |
| 260 |
_bNational Seminar on Strategies for Argicultural Research in the North East, 10-12 November 1999, National Academy of Agricultural Sciences, New Delhi, India, pp. 46-47. _c1999 |
||
| 650 | _aAgroecology | ||
| 650 | _aNorth East India | ||
| 650 | _aRubber plantation | ||
| 700 | _aKrishnakumar A.K. | ||
| 942 | _cBS | ||
| 999 |
_c53020 _d53020 |
||